Muse General Knowledge Quiz - Statistics

General Stats
  • This quiz has been taken 111 times
  • The average score is 8 of 20
Answer Stats
Question Answer % Correct
What year did their debut album, Showbiz, release? 1999
93%
Which Muse song famous for its bassline? Hysteria
88%
What is the name of the song cover featured on their album Origin of Symmetry? Feeling Good
77%
What is the full name of their drummer? Dominic Howard
58%
What is the name of the stadium where they performed the live set featured on the live album HAARP? Wembley Stadium
51%
What is the name of their one song that is longer than 10 minutes (excluding Exogenesis Symphony)? The Globalist
49%
Which Muse song is known for its excessive and shrill falsetto vocals? Micro Cuts
42%
What are the subtitles of each movement of Exogenesis Symphony? Overture
41%
What English county are Muse from? Devon
40%
Which B-side song, originally released alongside the single Invincible, featured on some versions of Black Holes and Revelations? Glorious
38%
What are the subtitles of each movement of Exogenesis Symphony? Redemption
37%
What are the subtitles of each movement of Exogenesis Symphony? Cross-Pollination
36%
Complete the following lyrics: "One, two, three, four, fire's in your eyes, And this chaos, it ______ ___________." Defies imagination
32%
Complete the following lyrics: 'Life will flash before my eyes, So scattered and lost, I want to _____ ___ _____ ____'. Touch the other side
32%
What song from the compilation album Hullabaloo Soundtrack is a reinterpretation of another song from Origin of Symmetry? Hyper Chondriac Music
31%
On which song did Matt sing into an amp to mimic a guitar? Muscle Museum
27%
What kind of creature is depicted on the artwork for the single Plug in Baby? Alien
26%
The title of their album The 2nd Law is a reference to what branch of physics? Thermodynamics
26%
Complete the following lyrics: 'I hail from the dark side, For all my life, I've been ________'. Besieged
15%
Complete the following lyrics: 'I can't pretend, Choose how it ends, You slipped away, Questions ____ __ ____'. Here to stay
1%
No matching quizzes found
Score Distribution
Percent of People with Each Score
Percentile by Number Answered
Your Score History
You have not taken this quiz